000
00280nam a2200133Ia 4500
100
_a
Sop
942
_c
BK
654
_a
circuit
245
_a
Circuit maker Library Manager R.M.
260
_b
Software option (India) P.ltd.
082
_a
23.2
546
_a
ENGLISH
999
_c
26835
_d
26835